Gaming Quiz

Random Gaming or Video Games Quiz
Score 0/25 Timer 07:00
4 Plays Today
% Correct
Sonic the Hedgehog
99.2%
Tetris
97.4%
Donkey Kong
92.1%
Super Mario Bros.
83.2%
Goldeneye 007
71%
Doom
68.1%
God of War
67.6%
Super Mario 64
66.1%
Red Dead Redemption
65.3%
Portal
63.1%
Star Fox
61.6%
Pokémon Red and Blue
59.6%
The Legend of Zelda: Ocarina of Time
57.3%
% Correct
Resident Evil 4
51.7%
Mass Effect
50.6%
Final Fantasy VII
49.1%
Call of Duty 4
49.1%
The Last of Us
41%
Uncharted 2: Among Thieves
40.7%
The Legend of Zelda: A Link to the Past
35%
Metroid Prime
31.1%
Half-Life 2
30.6%
Shadow of the Colossus
30.5%
BioShock Infinite
28.2%
Ghouls 'n' Ghosts
20.8%

You're not logged in!

Compare scores with friends on all Sporcle quizzes.
OR
Log In

From the Vault

Big 4 Teams in 1991

by hscer

These teams are past their prime.
Remove Ads.
Support Sporcle.
Get the best of Sporcle when you Go Orange. This ad-free experience offers more features, more stats, and more fun while also helping to support Sporcle. Thank you for becoming a member.

Show Comments

Extras

Top Quizzes Today


Score Distribution

Your Account Isn't Verified!

In order to create a playlist on Sporcle, you need to verify the email address you used during registration. Go to your Sporcle Settings to finish the process.

Report this User

Report this user for behavior that violates our Community Guidelines.

Details: